LEADER 00714nam a2200181 i 4500 001 000000034514 003 CaOOAMICUS 005 20150804000000.0 008 150804n xx u000 u fre u 013 $a1115 040 $aSeMil$bita 245 10$aTome 1. 300 $aXIII, 452 p. 773 0 $aBasinet, Louis-François-Gabriël <1796-1861>$tConférences spirituelles sur les devoirs de la vie religieuse, à l'usage des communautés.$b9. éd.$dParis ; Leipzig : H. & L. Casterman, [1889]$g1$w()31844 850 $aSeMil 852 $aSeMil$W1$xVenegono$y1$m3A I 59 FA$j669$B669$CSeMilBibl$Z2$F669 $8I 961 $aOmaggio: Biblioteca Seminario Duomo 996 $6245$aTome 1$9(OLS)http://semarc/title/1447 LEADER 00508nab a2200145 i 4500 001 000000290020 003 CaOOAMICUS 005 20180831165438.0 008 180831n xx uu u0 0und r 013 $a44817 040 $aSeMil$bita 245 10$a[vedi periodico]. 500 $a2016/9 - Supplemento 17. 773 0 $tLizzani ; Monicelli ; Rosi ; Montaldo ; Laudadio ; Morricone ; P. e V. Taviani.$dRoma : Gruppo Editoriale L'Espresso, copyr. 2016.$w()252270 996 $6245$a[vedi periodico]$9(OLS)http://semarc/title/309439